सुरभित स्मृतियाँ: (Record no. 206429)
[ view plain ]
| 000 -LEADER | |
|---|---|
| fixed length control field | 01053nam a22002057a 4500 |
| 005 - DATE AND TIME OF LATEST TRANSACTION | |
| control field | 20241213141113.0 |
| 010 ## - LCCN (DPL NO) | |
| LC control number | HIN-128629 |
| 020 ## - INTERNATIONAL STANDARD BOOK NUMBER | |
| Terms of availability | 395.00 |
| International Standard Book Number | 9788195190430 |
| 035 ## - SYSTEM CONTROL NUMBER | |
| System control number | HN-100975 |
| 037 ## - SOURCE OF ACQUISITION | |
| Source of stock number/acquisition | DBAD |
| 082 ## - DEWEY DECIMAL CLASSIFICATION NUMBER | |
| Classification number | 808.88 |
| Edition number | प्रथम |
| 100 ## - MAIN ENTRY--PERSONAL NAME | |
| Personal name | मिश्र स्मिता |
| 245 ## - TITLE STATEMENT | |
| Title | सुरभित स्मृतियाँ: |
| Remainder of title | रामदरश मिश्र के संस्मरण/ |
| Statement of responsibility, etc | स्मृति मिश्र द्वारा संपादित |
| 250 ## - EDITION STATEMENT | |
| Edition statement | प्रथम |
| 260 ## - PUBLICATION, DISTRIBUTION, ETC. (IMPRINT) | |
| Name of publisher, distributor, etc | हंस प्रकाशन |
| Date of publication, distribution, etc | 2021 |
| Place of publication, distribution, etc | नई दिल्ली |
| 270 ## - ADDRESS | |
| City | नई दिल्ली |
| Address | बी-336/1, गली नंबर. 3, दूसरा पुस्ता, सोनिया विहार, नई दिल्ली |
| Postal code | 110094 |
| Telephone number | 9868561340 |
| -- | 7217610640 |
| Electronic mail address | hansprakashan88@gmail.com |
| 300 ## - PHYSICAL DESCRIPTION | |
| Extent | 123 पृ. |
| Dimensions | 23से.मी (सजिल्द) |
| 700 ## - ADDED ENTRY--PERSONAL NAME | |
| Personal name | मिश्र, स्मिता |
| 9 (RLIN) | 75157 |
| 942 ## - ADDED ENTRY ELEMENTS (KOHA) | |
| Source of classification or shelving scheme | Dewey Decimal Classification |
| Item type | Hindi Books |
| Classification part | 808.88 |
| Call number suffix | मिश्र |
| Withdrawn status | Lost status | Not for loan | Collection code | Home library | Current library | Date acquired | Source of acquisition | Cost, normal purchase price | Full call number | Barcode | Copy number | Cost, replacement price | Koha item type |
|---|---|---|---|---|---|---|---|---|---|---|---|---|---|
| Non-fiction | Bawana | Bawana | 15/10/2024 | DBAD | 395.00 | 808.88 मिश्र | HN-100975 | 1 | 395.00 | Hindi Books |
